[Event "World Blitz 2025"]
[Site "Doha QAT"]
[Date "2025.12.29"]
[Round "9.5"]
[White "Grischuk, Alexander"]
[Black "So, Wesley"]
[Result "1/2-1/2"]
[WhiteTitle "GM"]
[BlackTitle "GM"]
[WhiteElo "2654"]
[BlackElo "2753"]
[WhiteFideId "4126025"]
[BlackFideId "5202213"]
[EventDate "2025.12.29"]

1. e4 e5 2. Nf3 Nc6 3. Bb5 Nf6 4. d3 d6 5. O-O a6 6. Bxc6+ bxc6 7. Re1 c5 8. c3
Bg4 9. h3 Bh5 10. Nbd2 Nd7 11. Nf1 f6 12. Ng3 Bf7 13. d4 g6 14. Be3 Qb8 15. Qc2
Qb7 16. b3 h5 17. Rad1 Be7 18. dxe5 Nxe5 19. Nxe5 fxe5 20. f4 Bf6 21. Rf1 h4 22.
Nh1 O-O 23. Nf2 exf4 24. Bxf4 Rae8 25. Rde1 Be6 26. e5 Bf5 27. Qd2 dxe5 28. Bg5
Qc6 29. Bxf6 Qxf6 30. Ng4 Qd6 1/2-1/2

[Event "World Blitz 2025"]
[Site "Doha QAT"]
[Date "2025.12.29"]
[Round "9.6"]
[White "Aronian, Levon"]
[Black "Indjic, Aleksandar"]
[Result "0-1"]
[WhiteTitle "GM"]
[BlackTitle "GM"]
[WhiteElo "2729"]
[BlackElo "2635"]
[WhiteFideId "13300474"]
[BlackFideId "911925"]
[EventDate "2025.12.29"]

1. e4 c5 2. Nf3 d6 3. Bc4 Nf6 4. d3 Nc6 5. O-O a6 6. h3 b5 7. Bb3 e6 8. c3 Bb7
9. Re1 Ne5 10. d4 Nxf3+ 11. Qxf3 Be7 12. Nd2 O-O 13. Nf1 Kh8 14. Ng3 Rc8 15. Be3
cxd4 16. cxd4 Rc7 17. d5 Qa8 18. Bd4 e5 19. Bb6 Rcc8 20. Nf5 Bd8 21. Be3 Qb8 22.
a4 g6 23. Ng3 Kg7 24. axb5 axb5 25. Qe2 Ba8 26. Bc2 Bb6 27. Rxa8 Qxa8 28. Bxb6
Qa2 29. Bd3 b4 30. Be3 Nd7 31. Qd2 Kg8 32. Qxb4 Nc5 33. Bc4 Qa7 34. b3 Qe7 35.
Qd2 h5 36. Bxc5 Rxc5 37. Nf1 Kg7 38. Ne3 Rc7 39. Bd3 Rb8 40. b4 Rcc8 41. Nc4 Rc7
42. Na5 Ra8 43. b5 Rc5 44. Nc6 Qc7 45. f4 exf4 46. Qxf4 Rc3 47. Bf1 Ra2 48. e5
dxe5 49. Qxe5+ Qxe5 50. Nxe5 Rd2 51. Nd3 Rb3 52. Nc5 Rb4 53. Na6 Rbb2 54. Nc7 g5
55. d6 Kg6 56. Ne8 g4 57. hxg4 hxg4 58. Re2 Rxe2 59. Bxe2 Rxe2 60. b6 Rxe8 0-1

[Event "World Blitz 2025"]
[Site "Doha QAT"]
[Date "2025.12.29"]
[Round "9.8"]
[White "Narayanan, S.L."]
[Black "Bortnyk, Olexandr"]
[Result "1/2-1/2"]
[WhiteTitle "GM"]
[BlackTitle "GM"]
[WhiteElo "2616"]
[BlackElo "2601"]
[WhiteFideId "5058422"]
[BlackFideId "14120828"]
[EventDate "2025.12.29"]

1. e4 Nf6 2. e5 Nd5 3. d4 d6 4. Nf3 dxe5 5. Nxe5 c6 6. h3 g6 7. Bc4 Bg7 8. O-O
Be6 9. Bb3 O-O 10. Re1 Nc7 11. c3 Bxb3 12. Qxb3 b6 13. Bf4 Nd5 14. Bg3 e6 15.
Nd2 c5 16. dxc5 bxc5 17. Qb7 Bxe5 18. Bxe5 Qb6 19. Qxb6 axb6 20. Ne4 Nd7 21. Bg3
f5 22. Nd6 f4 23. Bh4 e5 24. Rad1 N5f6 25. Bxf6 Nxf6 26. a3 Rad8 27. Nc4 e4 28.
Nxb6 Rxd1 29. Rxd1 e3 30. fxe3 fxe3 31. Re1 Re8 32. c4 Rb8 33. Na4 Rb3 34. Nxc5
Rxb2 35. Rxe3 Rc2 36. Ne4 Nd7 37. c5 Rc1+ 38. Kh2 Nxc5 39. Nxc5 Rxc5 40. a4 Ra5
41. Ra3 Kf7 42. g4 Ke6 43. Kg3 g5 44. h4 gxh4+ 45. Kxh4 Kf6 46. Rf3+ Kg6 47. Rf4
h5 48. gxh5+ Rxh5+ 49. Kg4 Re5 50. Kf3 Kg5 51. Re4 Rd5 52. Ke3 Kf5 53. Rh4 Ke5 1/2-1/2

[Event "World Blitz 2025"]
[Site "Doha QAT"]
[Date "2025.12.29"]
[Round "9.9"]
[White "Vachier-Lagrave, Maxime"]
[Black "Pranav, V"]
[Result "1-0"]
[WhiteTitle "GM"]
[BlackTitle "GM"]
[WhiteElo "2734"]
[BlackElo "2641"]
[WhiteFideId "623539"]
[BlackFideId "25060783"]
[EventDate "2025.12.29"]

1. e4 e5 2. Nf3 Nc6 3. Bb5 a6 4. Ba4 Nf6 5. O-O d6 6. Re1 Bd7 7. c3 g6 8. d4 Bg7
9. h3 O-O 10. Bc2 h6 11. Be3 Kh7 12. Nbd2 b5 13. Nf1 Qe7 14. Ng3 Rfb8 15. Rc1 a5
16. Bd3 a4 17. Qe2 Na5 18. Nd2 c5 19. d5 c4 20. Bc2 b4 21. a3 bxc3 22. bxc3 Nb3
23. Rb1 Bb5 24. Nf3 Rc8 25. Rf1 Bd7 26. Kh1 Ne8 27. Nd2 Nc7 28. Nxc4 Nb5 29.
Bxb3 Nxc3 30. Qd3 axb3 31. Rxb3 Na4 32. Rb7 Rab8 33. Rfb1 Rxb7 34. Rxb7 Bf8 35.
Qb3 Qd8 36. Qb4 Nc5 37. Bxc5 Rxc5 38. Nf1 h5 39. Nfe3 Kh6 40. a4 Kg7 41. a5 Bc8
42. Rb6 Qc7 43. a6 Qa7 44. Nxd6 Rc1+ 45. Kh2 Bxa6 46. Ne8+ Kg8 47. Nf6+ Kg7 48.
Qa5 Be7 49. Nxh5+ Kh7 50. Qxa6 Qxa6 51. Rxa6 gxh5 52. Ra7 Bg5 53. Rxf7+ Kg6 54.
Rf5 h4 55. g3 hxg3+ 56. Kxg3 1-0

[Event "World Blitz 2025"]
[Site "Doha QAT"]
[Date "2025.12.29"]
[Round "9.10"]
[White "Artemiev, Vladislav"]
[Black "Radjabov, Teimour"]
[Result "0-1"]
[WhiteTitle "GM"]
[BlackTitle "GM"]
[WhiteElo "2641"]
[BlackElo "2692"]
[WhiteFideId "24101605"]
[BlackFideId "13400924"]
[EventDate "2025.12.29"]

1. Nf3 Nf6 2. g3 g6 3. Bg2 Bg7 4. d4 d6 5. O-O O-O 6. Nc3 Nbd7 7. a4 a6 8. a5 e5
9. dxe5 dxe5 10. Qd3 Re8 11. Qc4 h6 12. Nd2 Nf8 13. Rd1 Be6 14. Qb4 Rb8 15. Nde4
N6d7 16. Be3 f5 17. Nc5 e4 18. Nxe6 Nxe6 19. Ba7 Ra8 20. Qxb7 Qe7 21. Nd5 Qf7
22. Be3 Reb8 23. Qc6 Ne5 24. Qa4 Rxb2 25. h3 Rab8 26. Nf4 Nxf4 27. gxf4 R2b4 28.
Qa2 Qxa2 29. Rxa2 Nc4 30. Bc5 R4b5 31. Be3 Nxe3 32. fxe3 Bf8 33. Rd7 Bd6 34. h4
h5 35. Kf2 Rb2 36. Ra1 Rb1 37. Ra4 R8b4 38. Ra2 R4b2 39. Ra4 Rxc2 40. Rd4 Rbb2
41. Bf1 Rb8 42. Bh3 Rc6 43. Rd1 Kf8 44. Rg1 Be7 45. Kg3 Rd8 46. Rgd1 Rxd7 47.
Rxd7 Ke8 48. Rd1 Rc3 49. Kf2 Bxh4+ 50. Kf1 Rxe3 51. Bg2 Bg3 52. Rc1 Bxf4 53. Rc6
Bd6 54. Rxa6 Ra3 55. Ra8+ Kf7 56. a6 Kg7 57. e3 Rxe3 58. Kf2 Ra3 59. Bf1 h4 60.
Rb8 h3 61. Bc4 h2 62. Rb1 Kf6 63. Kg2 g5 64. Rb2 g4 65. Rf2 Kg5 66. Rf1 g3 67.
Kh1 f4 68. Bd5 f3 69. Bxe4 g2# 0-1

[Event "World Blitz 2025"]
[Site "Doha QAT"]
[Date "2025.12.29"]
[Round "9.11"]
[White "Paravyan, David"]
[Black "Bu, Xiangzhi"]
[Result "0-1"]
[WhiteTitle "GM"]
[BlackTitle "GM"]
[WhiteElo "2582"]
[BlackElo "2665"]
[WhiteFideId "4194985"]
[BlackFideId "8601445"]
[EventDate "2025.12.29"]

1. e4 e5 2. Nf3 Nc6 3. Bc4 Nf6 4. d3 Be7 5. O-O O-O 6. h3 d6 7. a4 Be6 8. Bxe6
fxe6 9. Be3 h6 10. Nbd2 Nh7 11. c3 Ng5 12. b4 Nxf3+ 13. Nxf3 a6 14. b5 Na5 15.
Rb1 axb5 16. axb5 b6 17. Qe2 Qe8 18. d4 exd4 19. cxd4 d5 20. Rfc1 Nc4 21. exd5
exd5 22. Ne5 Nxe3 23. Qxe3 Bg5 24. Qb3 Bxc1 25. Qxd5+ Kh7 26. Qe4+ Kg8 27. Qd5+
Kh7 28. Rxc1 Qh5 29. Qe4+ Qf5 30. Qxf5+ Rxf5 31. g3 Rd8 32. Rc4 Rd5 33. f4 Rxb5
34. Rxc7 Rb2 35. d5 Rd2 36. Rd7 b5 37. Nf3 Rdxd5 38. Rb7 Rd3 39. Kf2 Rc5 40. Ke2
Ra3 41. Nd4 Rc4 42. Ne6 Re4+ 0-1

[Event "World Blitz 2025"]
[Site "Doha QAT"]
[Date "2025.12.29"]
[Round "9.12"]
[White "Pranav, Anand"]
[Black "Yu, Yangyi"]
[Result "0-1"]
[WhiteTitle "GM"]
[BlackTitle "GM"]
[WhiteElo "2591"]
[BlackElo "2717"]
[WhiteFideId "46626786"]
[BlackFideId "8603820"]
[EventDate "2025.12.29"]

1. e4 e5 2. Nf3 Nc6 3. Bb5 a6 4. Ba4 Nf6 5. O-O Be7 6. d3 d6 7. c3 O-O 8. h3 b5
9. Bc2 Re8 10. Re1 h6 11. Nbd2 Bf8 12. a4 Bb7 13. Nf1 Nb8 14. Ng3 Nbd7 15. d4 c5
16. d5 c4 17. Nf5 Nc5 18. a5 Bc8 19. g4 Bxf5 20. gxf5 Rb8 21. Nh2 b4 22. cxb4
Rxb4 23. Ra3 Nb3 24. Bxb3 cxb3 25. Qf3 Qc7 26. Bd2 Rb5 27. Rc1 Rc5 28. Rxc5 Qxc5
29. Ng4 Nxg4 30. hxg4 Qc2 31. Bc3 Be7 32. Ra4 Bg5 33. Rb4 Rc8 34. Kg2 f6 35. Rb6
Bc1 36. g5 hxg5 37. Rxd6 Bxb2 38. Bxb2 Qxb2 39. Rb6 Qd2 40. d6 b2 41. Qb3+ Kh7
42. Qxb2 Rc2 43. Qxc2 Qxc2 44. Rxa6 Qxe4+ 45. Kg1 Qb1+ 46. Kg2 Qb7+ 0-1

[Event "World Blitz 2025"]
[Site "Doha QAT"]
[Date "2025.12.29"]
[Round "9.13"]
[White "Andreikin, Dmitry"]
[Black "Safarli, Eltaj"]
[Result "1/2-1/2"]
[WhiteTitle "GM"]
[BlackTitle "GM"]
[WhiteElo "2710"]
[BlackElo "2644"]
[WhiteFideId "4158814"]
[BlackFideId "13402129"]
[EventDate "2025.12.29"]

1. d4 d5 2. c4 e6 3. Nf3 Nf6 4. Nc3 Be7 5. e3 O-O 6. a3 b6 7. cxd5 Nxd5 8. Bd3
c5 9. dxc5 Nxc3 10. bxc3 Qc7 11. Qc2 h6 12. cxb6 axb6 13. O-O Nd7 14. c4 Nc5 15.
Be2 Bb7 16. Bb2 Be4 17. Qc1 Rfe8 18. Bd4 Red8 19. Be5 Qb7 20. Qb2 f6 21. Bd4 Na4
22. Qb3 e5 23. Bc3 Nc5 24. Qb2 Nd3 25. Qb3 1/2-1/2

[Event "World Blitz 2025"]
[Site "Doha QAT"]
[Date "2025.12.29"]
[Round "9.14"]
[White "Sarana, Alexey"]
[Black "Ponomariov, Ruslan"]
[Result "1/2-1/2"]
[WhiteTitle "GM"]
[BlackTitle "GM"]
[WhiteElo "2673"]
[BlackElo "2639"]
[WhiteFideId "24133795"]
[BlackFideId "14103320"]
[EventDate "2025.12.29"]

1. d4 Nf6 2. c4 e6 3. Nc3 Bb4 4. e3 O-O 5. Bd3 c5 6. Ne2 d5 7. a3 Bxc3+ 8. bxc3
dxc4 9. Bxc4 Qc7 10. Qd3 b6 11. f3 Bb7 12. e4 Rc8 13. Bf4 Qd7 14. O-O cxd4 15.
cxd4 Nc6 16. Rad1 Na5 17. Ba2 b5 18. Be5 Ne8 19. d5 Nc4 20. Ba1 Rd8 21. Nf4 Qd6
22. g3 exd5 23. exd5 Qxa3 24. Bb3 Na5 25. Qxb5 Nd6 26. Qa4 Qxb3 27. Qxa5 Qb6+
28. Qxb6 axb6 29. Rb1 b5 30. Rfc1 f6 31. Bc3 Rac8 32. Bb4 Rxc1+ 33. Rxc1 Nc4 34.
Kf2 Kf7 35. Ra1 Rd7 36. Ra7 Bc8 37. Ra8 Nb6 38. Rb8 Rb7 39. Rxb7+ Bxb7 40. d6 g5
41. Ne2 Bc8 42. Nc3 Bd7 43. Ke3 Ke6 44. Kd4 f5 45. h4 h6 46. h5 Be8 47. g4 fxg4
48. fxg4 Bd7 49. Nd1 Nc4 50. Nf2 Nxd6 51. Nd3 Nb7 52. Ne5 Nd6 53. Nd3 Nb7 54.
Ne5 Nd6 55. Nd3 1/2-1/2

[Event "World Blitz 2025"]
[Site "Doha QAT"]
[Date "2025.12.29"]
[Round "9.15"]
[White "Naiditsch, Arkadij"]
[Black "Nihal, Sarin"]
[Result "1-0"]
[WhiteTitle "GM"]
[BlackTitle "GM"]
[WhiteElo "2574"]
[BlackElo "2701"]
[WhiteFideId "4650891"]
[BlackFideId "25092340"]
[EventDate "2025.12.29"]

1. e4 e5 2. Nf3 Nc6 3. Nc3 Nf6 4. Bb5 Bd6 5. d3 h6 6. a3 Ne7 7. d4 Ng6 8. dxe5
Nxe5 9. Nd4 Nc6 10. Nf5 O-O 11. Nxd6 cxd6 12. O-O Re8 13. Re1 a6 14. Bc4 b5 15.
Ba2 Qc7 16. Nd5 Nxd5 17. Qxd5 Re6 18. Qh5 Rf6 19. Re3 Nd4 20. Rc3 Qd8 21. Be3
Ne6 22. Qd5 Rb8 23. Qxd6 Bb7 24. f3 Rc8 25. Rxc8 Qxc8 26. Qd2 Bc6 27. Rd1 Qe8
28. Bd5 Rg6 29. Bxc6 dxc6 30. Qd7 Qb8 31. Qe7 h5 32. Rd7 Rf6 33. Bd2 Qb6+ 34.
Kf1 c5 35. Bc3 Nd4 36. Qd8+ Qxd8 37. Rxd8+ Kh7 38. Bxd4 cxd4 39. Rxd4 g5 40. Ke2
Rc6 41. Kd3 Kg6 42. Rd5 f6 43. c3 h4 44. a4 bxa4 45. Ra5 Rb6 46. Kc2 h3 47. gxh3
Kh5 48. Rxa4 Kh4 49. c4 Kxh3 50. c5 Rb5 51. Rc4 Kxh2 52. c6 Rb8 53. c7 Rc8 54.
Kd3 Kg3 55. Ke3 1-0

[Event "World Blitz 2025"]
[Site "Doha QAT"]
[Date "2025.12.29"]
[Round "9.16"]
[White "Ponkratov, Pavel"]
[Black "Esipenko, Andrey"]
[Result "1/2-1/2"]
[WhiteTitle "GM"]
[BlackTitle "GM"]
[WhiteElo "2587"]
[BlackElo "2698"]
[WhiteFideId "4157800"]
[BlackFideId "24175439"]
[EventDate "2025.12.29"]

1. Nf3 d5 2. g3 Nf6 3. Bg2 e6 4. O-O Be7 5. c4 O-O 6. cxd5 exd5 7. Qc2 Re8 8. b3
c5 9. d4 Ne4 10. dxc5 Bf5 11. Qd1 Bxc5 12. Bb2 Nc6 13. Nbd2 Qb6 14. e3 Nxf2 15.
Rxf2 Bxe3 16. Qf1 Nb4 17. Ne1 Bd7 18. a4 Bg4 19. Ndf3 Re6 20. Rd1 Rae8 21. Bc3
a5 22. h3 Bh5 23. Bh1 Bxf3 24. Bxf3 d4 25. Bd2 Bxf2+ 26. Qxf2 Qc5 27. h4 Qe7 28.
Ng2 Nd3 29. Qf1 Ne5 30. Bd5 Rf6 31. Bf4 Ng6 32. Rxd4 Qc5 33. Qc4 Qb6 34. Kh2
Nxf4 35. Rxf4 Rxf4 36. Qxf4 Rf8 37. Bc4 Qc6 38. Ne3 b6 39. Nf5 Qf6 40. Qg5 Qxg5
41. hxg5 Rd8 42. Ne3 Kf8 43. Kg2 Rd6 44. Kf3 f6 45. Nf5 Rc6 46. gxf6 Rxf6 47.
Ke4 h5 48. Ne3 g5 49. Nd5 Rh6 50. Kf3 h4 51. gxh4 gxh4 52. Kg2 Ke8 53. Kh3 Kd7
54. Ne3 Rh8 55. Nf5 Kc6 56. Nxh4 Kc5 57. Kg4 Re8 58. Kf4 Re1 59. Nf3 Rc1 60. Ne5
Kd4 61. Nf3+ Kc5 62. Nd2 Kd4 63. Kf3 Rc2 64. Ne4 Rxc4 1/2-1/2

[Event "World Blitz 2025"]
[Site "Doha QAT"]
[Date "2025.12.29"]
[Round "9.17"]
[White "Jobava, Baadur"]
[Black "Uskov, Artem"]
[Result "1-0"]
[WhiteTitle "GM"]
[BlackTitle "GM"]
[WhiteElo "2568"]
[BlackElo "2516"]
[WhiteFideId "13601520"]
[BlackFideId "34254854"]
[EventDate "2025.12.29"]

1. e4 c5 2. c3 d5 3. exd5 Qxd5 4. d4 Nf6 5. Nf3 e6 6. Na3 Qd8 7. Nc2 Be7 8. Bd3
O-O 9. O-O b6 10. dxc5 bxc5 11. Qe2 Qc7 12. Rd1 Bb7 13. Bg5 Nbd7 14. Ne3 Rad8
15. Bc2 Nb6 16. Bh4 Rxd1+ 17. Rxd1 Rd8 18. Bg3 Rxd1+ 19. Qxd1 Qd7 20. Qe2 Bd6
21. c4 Bxg3 22. hxg3 Qd6 23. b3 Nbd7 24. Qe1 Kf8 25. Qa5 Qb6 26. Qd2 Qc7 27. Ne1
Ne5 28. Qc3 Nc6 29. Bd3 Nd4 30. b4 Ne4 31. Qb2 Nd6 32. bxc5 Qxc5 33. Bxh7 g6 34.
Nd3 Qb6 35. Qa3 Kg7 36. Kh2 Ne4 37. c5 Qd8 38. Qxa7 Bc6 39. Ne5 Qf6 40. Bxg6 Be8
41. Bxe4 Qxe5 42. Bd3 Bc6 43. Qa3 Kf8 44. Qc1 Be4 45. Bf1 Qh5+ 46. Kg1 Qe5 47.
a4 Nb3 48. Qa3 Nxc5 49. a5 Kg7 50. a6 Ba8 51. a7 Qd4 52. Qa5 Ne4 53. Qc7 Qb2 54.
Qf4 Qd2 55. Nc4 Qa2 56. Ne5 Qxa7 57. Qg4+ Kf8 58. Qf4 Kg7 59. Bd3 Nd6 60. Qg5+
Kf8 61. Qd8+ Ne8 62. Nd7+ Kg7 63. Qg5+ Kh8 64. Qh6+ 1-0

[Event "World Blitz 2025"]
[Site "Doha QAT"]
[Date "2025.12.29"]
[Round "9.18"]
[White "Mamedov, Edgar"]
[Black "Sadhwani, Raunak"]
[Result "0-1"]
[WhiteTitle "GM"]
[BlackTitle "GM"]
[WhiteElo "2492"]
[BlackElo "2638"]
[WhiteFideId "13739980"]
[BlackFideId "35093487"]
[EventDate "2025.12.29"]

1. d4 Nf6 2. c4 e6 3. Nf3 b6 4. g3 Bb7 5. Bg2 Be7 6. O-O O-O 7. Re1 h6 8. h4 a5
9. Nc3 Ne4 10. Qd3 Nxc3 11. bxc3 d6 12. e4 Nd7 13. Nh2 c5 14. Be3 Rc8 15. f4
cxd4 16. cxd4 Ba6 17. Rac1 Qc7 18. Nf3 Bxc4 19. Qb1 b5 20. g4 Nf6 21. Nh2 d5 22.
e5 Ne4 23. Nf3 Ba3 24. Rc2 Qe7 25. Qd1 Bb4 26. f5 Bxe1 27. f6 gxf6 28. Qxe1 Qb4
29. Qc1 fxe5 30. Nxe5 f6 31. Bxh6 fxe5 32. Bxe4 Qe7 33. Bg5 Qg7 34. Bg2 e4 35.
h5 Qxd4+ 36. Be3 Qe5 37. Qe1 d4 38. Bh6 Rf6 39. g5 Rf5 40. Bxe4 d3 41. Rf2 Qg3+
42. Bg2 Qxf2+ 43. Qxf2 Rxf2 44. Kxf2 Bxa2 45. g6 Bd5 46. Bf1 Rc2+ 47. Ke1 Rh2
48. Bxd3 Rxh5 49. Bd2 Be4 50. Be2 Rd5 0-1

[Event "World Blitz 2025"]
[Site "Doha QAT"]
[Date "2025.12.29"]
[Round "9.19"]
[White "Sindarov, Javokhir"]
[Black "Pantsulaia, Levan"]
[Result "1-0"]
[WhiteTitle "GM"]
[BlackTitle "GM"]
[WhiteElo "2726"]
[BlackElo "2472"]
[WhiteFideId "14205483"]
[BlackFideId "13602071"]
[EventDate "2025.12.29"]

1. e4 c5 2. Nc3 e6 3. d4 cxd4 4. Qxd4 Nc6 5. Qe3 a6 6. Nf3 Qc7 7. Be2 Nf6 8. O-O
Be7 9. Rd1 d6 10. Qf4 O-O 11. Qg3 Rd8 12. Bh6 g6 13. Nd4 Nxd4 14. Rxd4 b5 15.
Bg5 Bb7 16. Qh4 Kg7 17. a4 Qc5 18. Rd3 h5 19. Rf3 Qe5 20. Bf4 Qc5 21. Be3 Qc7
22. Bg5 Ng8 23. axb5 axb5 24. Rc1 Bxg5 25. Qxg5 b4 26. Nb5 Qc5 27. Qf4 Rd7 28.
c3 Qe5 29. Qxe5+ dxe5 30. Rd3 Rxd3 31. Bxd3 bxc3 32. Nxc3 Ne7 33. f3 Nc6 34. Kf2
Nd4 35. Ke3 f5 36. Ne2 f4+ 37. Kf2 Rc8 38. Rxc8 Bxc8 39. Nxd4 exd4 40. e5 g5 41.
Ke2 g4 42. b4 Kf8 43. b5 Ke7 44. Be4 Bd7 45. Bd3 Kd8 46. fxg4 hxg4 47. h4 Ke7
48. Kf2 Kf7 49. Be2 g3+ 50. Ke1 Kg6 51. b6 Bc6 52. Kf1 Kf5 53. h5 Kxe5 54. Bf3
Bb5+ 55. Ke1 Ba6 56. b7 Bxb7 57. Bxb7 Kf5 58. Kd2 e5 59. Kd3 Kg5 60. Bf3 Kf5 61.
h6 Kg6 62. Ke4 Kxh6 63. Kxe5 1-0

[Event "World Blitz 2025"]
[Site "Doha QAT"]
[Date "2025.12.29"]
[Round "9.20"]
[White "Maksimovic, Bojan"]
[Black "Gukesh, D"]
[Result "0-1"]
[WhiteTitle "GM"]
[BlackTitle "GM"]
[WhiteElo "2533"]
[BlackElo "2754"]
[WhiteFideId "14408120"]
[BlackFideId "46616543"]
[EventDate "2025.12.29"]

1. d4 Nf6 2. Bg5 d5 3. Nd2 Bf5 4. Bxf6 exf6 5. e3 c6 6. c4 dxc4 7. Bxc4 Bd6 8.
Qf3 Qd7 9. Ne2 O-O 10. h3 Na6 11. O-O Nc7 12. Ng3 Bg6 13. Nde4 Be7 14. Rad1 b6
15. Bb3 Nd5 16. Nc3 Nxc3 17. bxc3 Bd6 18. Rd2 Rfe8 19. Rfd1 b5 20. Bc2 Bxc2 21.
Rxc2 a5 22. Nf5 Bf8 23. c4 b4 24. c5 Rab8 25. Rb1 Re6 26. Qf4 Rb5 27. Rbc1 g6
28. d5 Qxd5 29. Nd4 Re4 30. Qxf6 Rxc5 31. Rxc5 Bxc5 32. Nb3 Bd6 33. Qd8+ Kg7 34.
Qxa5 c5 35. Qb5 Qe5 36. Nxc5 Qh2+ 37. Kf1 Re5 38. Qd3 Qh1+ 39. Ke2 Qxc1 40. Nd7
Qb2+ 41. Kf1 Re6 42. Qc4 Qb1+ 43. Ke2 Qe4 0-1

[Event "World Blitz 2025"]
[Site "Doha QAT"]
[Date "2025.12.29"]
[Round "9.21"]
[White "Dominguez Perez, Leinier"]
[Black "Makhnev, Denis"]
[Result "1/2-1/2"]
[WhiteTitle "GM"]
[BlackTitle "GM"]
[WhiteElo "2738"]
[BlackElo "2532"]
[WhiteFideId "3503240"]
[BlackFideId "13707647"]
[EventDate "2025.12.29"]

1. e4 e5 2. Nf3 Nc6 3. Bc4 Bc5 4. c3 Nf6 5. d3 a5 6. O-O d6 7. Re1 h6 8. Nbd2
O-O 9. h3 Nh7 10. Nf1 Qf6 11. Be3 Bxe3 12. Nxe3 Ng5 13. Nxg5 Qxg5 14. Qf3 Ne7
15. d4 h5 16. a4 h4 17. Rad1 Bd7 18. b3 Ng6 19. Nd5 Rac8 20. Qe3 Qxe3 21. Rxe3
Be6 22. Ree1 Bxd5 23. Bxd5 c6 24. Bc4 Rc7 25. dxe5 dxe5 26. Rd6 Nf4 27. Red1 b5
28. Bf1 Re8 29. axb5 cxb5 30. Bxb5 Rb8 31. Rd8+ Rxd8 32. Rxd8+ Kh7 33. c4 Ne2+
34. Kh2 Nd4 35. Ba4 Rb7 36. Rd5 Nxb3 37. Bxb3 Rxb3 38. Rxa5 f6 39. Rc5 Rb2 40.
f3 Rb1 41. Rc8 Rc1 42. c5 Kg6 43. c6 Kg5 44. c7 g6 45. Rd8 Rxc7 1/2-1/2

[Event "World Blitz 2025"]
[Site "Doha QAT"]
[Date "2025.12.29"]
[Round "9.22"]
[White "Martirosyan, Haik M."]
[Black "Isanzhulov, Arystan"]
[Result "1-0"]
[WhiteTitle "GM"]
[BlackTitle "IM"]
[WhiteElo "2625"]
[BlackElo "2419"]
[WhiteFideId "13306553"]
[BlackFideId "13711644"]
[EventDate "2025.12.29"]

1. d4 Nf6 2. Bg5 e6 3. Nd2 h6 4. Bh4 d5 5. e3 Be7 6. Ngf3 O-O 7. Bd3 Nbd7 8. Qe2
b6 9. a4 Bb7 10. a5 c5 11. c3 c4 12. Bc2 b5 13. a6 Bc6 14. O-O Rb8 15. Ne5 Nxe5
16. dxe5 Nd7 17. Bxe7 Qxe7 18. f4 b4 19. Nf3 Nc5 20. Nd4 Bd7 21. Rf3 f6 22. exf6
Qxf6 23. Rg3 bxc3 24. bxc3 e5 25. fxe5 Qxe5 26. Qd2 Ne4 27. Bxe4 Qxe4 28. h3 Rb6
29. Nf3 Rff6 30. Ra5 Rb5 31. Rxb5 Bxb5 32. Rg4 Qd3 33. Qe1 Bxa6 34. Kh2 Re6 35.
Qg3 Re7 36. Qd6 Rxe3 37. Qxa6 Rxf3 38. Qe6+ Kh7 39. gxf3 a5 40. Qe5 g5 41. Rd4
Qc2+ 42. Kg3 Qb1 43. Qe3 Qb8+ 44. f4 1-0

[Event "World Blitz 2025"]
[Site "Doha QAT"]
[Date "2025.12.29"]
[Round "9.23"]
[White "Theodorou, Nikolas"]
[Black "Duda, Jan-Krzysztof"]
[Result "0-1"]
[WhiteTitle "GM"]
[BlackTitle "GM"]
[WhiteElo "2652"]
[BlackElo "2729"]
[WhiteFideId "4262875"]
[BlackFideId "1170546"]
[EventDate "2025.12.29"]

1. d4 Nf6 2. Nf3 e6 3. c4 d5 4. g3 dxc4 5. Bg2 Bb4+ 6. Bd2 a5 7. O-O O-O 8. Qc2
Bxd2 9. Qxd2 b5 10. a4 c6 11. Ne5 Ra6 12. Nc3 Bd7 13. Rfd1 Be8 14. g4 Nd5 15. g5
Nd7 16. Ne4 Nxe5 17. dxe5 Qc7 18. Qd4 Kh8 19. Nd6 Ra8 20. h4 Rb8 21. Qc5 Rg8 22.
axb5 Nf4 23. Bf3 f6 24. bxc6 fxg5 25. hxg5 Nh3+ 26. Kg2 Nxg5 27. Qxa5 Rb6 28.
Qa7 Rxc6 29. Nxe8 Qxa7 30. Rxa7 Nxf3 31. Nd6 Nxe5 32. f4 Rxd6 33. Rxd6 Ng6 34.
e3 Nh4+ 35. Kf2 Rb8 36. Rb6 Rd8 37. Rxe6 h6 38. Rb6 Rd2+ 39. Kg3 Nf5+ 40. Kf3
Rd3 41. Ra3 Rd1 42. Rc3 Rf1+ 43. Ke4 Ng3+ 44. Ke5 h5 45. e4 h4 46. f5 Re1 47.
Kd5 Nxe4 48. Rh3 Nf6+ 49. Kxc4 Re4+ 50. Kd3 Rf4 51. b4 Nd5 52. Rb8+ Kh7 53. b5
Rb4 54. Kd2 Kh6 55. Rd3 Nf4 56. Rd7 h3 57. b6 h2 58. Rh8+ Kg5 59. b7 Nh5 60.
Rxg7+ Nxg7 61. Rxh2 Rxb7 62. Kc3 Nxf5 63. Rh1 Rc7+ 64. Kd3 Rd7+ 65. Kc3 Kf4 66.
Rh8 Ke4 67. Re8+ Ne7 68. Rh8 Nd5+ 69. Kc4 Rc7+ 70. Kb5 Rc1 71. Rh4+ 0-1

[Event "World Blitz 2025"]
[Site "Doha QAT"]
[Date "2025.12.29"]
[Round "9.24"]
[White "Bharath, Subramaniyam H"]
[Black "Sevian, Samuel"]
[Result "1-0"]
[WhiteTitle "GM"]
[BlackTitle "GM"]
[WhiteElo "2576"]
[BlackElo "2688"]
[WhiteFideId "46634827"]
[BlackFideId "2040506"]
[EventDate "2025.12.29"]

1. e4 e5 2. Nf3 Nc6 3. d4 exd4 4. Bc4 Bc5 5. O-O d6 6. c3 Nf6 7. cxd4 Bb6 8. Re1
Bg4 9. e5 dxe5 10. Nxe5 Nxe5 11. Rxe5+ Kf8 12. Qf1 Qxd4 13. Re1 Be6 14. Bxe6
fxe6 15. Nc3 Qh4 16. g3 Qh5 17. Ne4 Ng4 18. h3 Ne5 19. Ng5 Nf3+ 20. Nxf3 Qxf3
21. Be3 Re8 22. Rac1 c6 23. Rc4 Qd5 24. Rd1 Qh5 25. Rd7 h6 26. Bxb6 axb6 27.
Rxb7 Kg8 28. Rxc6 Rd8 29. Rxe6 Rd1 30. Re1 Rd4 31. Rxb6 Kh7 32. Qe2 Qf5 33. Rc6
Rhd8 34. Qc2 Rd3 35. Rc3 Kg8 36. Rxd3 Rxd3 37. Qc4+ Kh8 38. Re8+ Kh7 39. Qg8+
Kg6 40. Re6+ 1-0

[Event "World Blitz 2025"]
[Site "Doha QAT"]
[Date "2025.12.29"]
[Round "9.25"]
[White "Maghsoodloo, Parham"]
[Black "Muradli, Mahammad"]
[Result "0-1"]
[WhiteTitle "GM"]
[BlackTitle "GM"]
[WhiteElo "2708"]
[BlackElo "2581"]
[WhiteFideId "12539929"]
[BlackFideId "13409301"]
[EventDate "2025.12.29"]

1. d4 d5 2. Nf3 Nf6 3. g3 g6 4. Bg2 Bg7 5. O-O O-O 6. Bf4 a5 7. Qc1 b6 8. c4 Ba6
9. Na3 c6 10. Ne5 e6 11. Rd1 Nfd7 12. Ng4 h5 13. Ne5 Nxe5 14. Bxe5 Bxe5 15. dxe5
Nd7 16. f4 b5 17. cxd5 cxd5 18. Nc2 Rc8 19. Qd2 Qb6+ 20. Nd4 b4 21. Qe3 Rc4 22.
Rd2 Rfc8 23. Rad1 a4 24. Kf2 Bb7 25. Bf3 Nc5 26. Kg2 a3 27. b3 Rc3 28. Qf2 Ne4
29. Bxe4 dxe4 30. e3 Rd3 31. Kh3 Rcc3 32. Re1 Bd5 33. Rdd1 Qc5 34. Qe2 Rxe3 35.
Qxe3 Rxe3 36. Rxe3 Kg7 37. Kg2 g5 38. fxg5 Qc7 39. h4 Qxe5 40. Rd2 Qc7 41. Ne2
Qc5 42. Kf2 e5 43. Rd1 f5 44. gxf6+ Kxf6 45. Rc1 Qb6 46. Rc2 Bb7 47. Rc4 Bd5 48.
Rc8 Ke7 49. Rc1 Bb7 50. Rc4 Bd5 51. Rc2 Qa7 52. Nc1 Qd4 53. Ne2 Qb6 54. Nc1 Bb7
55. Rc4 Qf6+ 56. Ke1 Qd6 57. Ne2 Bd5 58. Rc2 Qb6 59. Kf2 Be6 60. Nc1 Bh3 61. Rc4
Qf6+ 62. Ke1 Qf1+ 63. Kd2 Bf5 64. Rxb4 Qf2+ 65. Ne2 Qf1 66. Rc4 Qb1 67. Rc2 Kf6
68. Nc1 Qa1 69. Ne2 Qb1 70. Nc3 Qg1 71. Rc1 Qf2+ 72. Ne2 Bg4 73. Re1 Bf3 74. b4
Ke6 75. b5 Kd6 76. b6 Kc6 77. Rb1 Bxe2 78. Rxe2 e3+ 79. Kc3 Qxe2 80. b7 Qd2+ 81.
Kc4 Qd4+ 0-1